Funamboli. (Record n. 360718)
[ formato base ]
| 000 -LEADER | |
|---|---|
| campo di controllo lung. fissa | 01322nam a22002057a 4500 |
| 003 - Identificatore del numero di controllo | |
| campo di controllo | IT-MiCISF |
| 005 - Data e orario dell'ultima transazione | |
| campo di controllo | 20260205144248.0 |
| 008 - Elementi di lunghezza fissa--Informazione generale | |
| campo di controllo lung. fissa | 260205b |||||||| |||| 00| 0 eng d |
| 020 ## - ISBN (International Standard Book Number) | |
| ISBN (International Standard Book Number) | 9788831556873 |
| 040 ## - Fonte della catalogazione | |
| Agenzia che fa la trascrizione | IT-MiCISF |
| 100 ## - Accesso principale -- nome di persona | |
| Nome di persona | Fiorillo Francesco |
| 9 (RLIN) | 63350 |
| 245 ## - Formulazione del titolo | |
| Titolo | Funamboli. |
| Complemento del titolo | Genitori che camminano sul filo dell'oltre |
| 260 ## - Pubblicazione, distribuzione, ecc. (stampa) | |
| Luogo di pubblicazione, distribuzione, ecc. | Milano, |
| Nome dell'editore, distributore, ecc. | Paoline, |
| Data di pubblicazione, distribuzione, ecc. | 2024 |
| 300 ## - Descrizione fisica | |
| Estensione | pp. 199 |
| 500 ## - Nota generale | |
| Nota generale | morte, giovani, famiglia, genitorialità, atteggiamenti-verso-morte, padre, madre, lutto, esperienze |
| 520 ## - Riassunto, ecc. | |
| Nota di riassunto, ecc. | Questo libro è un percorso, un prendere per mano chi abita il dolore della perdita di un figlio o di una figlia, un provare a camminare spalla a spalla con i genitori sopravvissuti alla morte, in bilico sul filo della sofferenza più grande. L’Autore affronta le domande impossibili di chi attraversa questo lutto: come si può vivere il dolore? Perché a mio figlio e non a me? Dove era Dio? Come portare avanti la vita? Interrogativi che restano senza risposte. Ma con grande umanità si può accompagnare chi queste domande le sperimenta, perché esse aprono processi, spingono ad andare oltre le solite e banali parole sulla morte, spalancano nuovi orizzonti verso l’Infinito che rende digeribile il finito. |
| 650 ## - Accesso aggiunto di soggetto--termine topico | |
| Termine topico o nome geografico come accesso | Morte |
| 654 ## - Accesso aggiunto di soggetto--termini topici faccettati | |
| Termine principale | testimonianza |
| 942 ## - Dati aggiuntivi (Koha) | |
| Fonte della classificazione o dello schema di collocazione (segnatura) | Dewey Decimal Classification |
| Tipo copia default (Koha) | LIBRO |
| Ritirato (status) | Perso (status) | Fonte della classificazione o dello schema di collocazione (segnatura) | Danneggiato (status) | Non per il presito | Biblioteca proprietaria | Biblioteca in cui si trova | Data d'acquisizione | Totale prestiti | Collocazione | Codice a barre | Data ultima operazione | Prezzo in vigore dal | Tipo copia default (Koha) |
|---|---|---|---|---|---|---|---|---|---|---|---|---|---|
| Dewey Decimal Classification | Buone Condizioni | Not For Loan | CISF - Milano | CISF - Milano | 05/02/2026 | A2509 | 9788831556873 | 05/02/2026 | 05/02/2026 | LIBRO |